Responses for show #3030 - Friday, October 31, 1997

Bob Harris game 1.
Alex is dressed as the Statue of Liberty in honor of Halloween.

Contestants

Mark Dickerson, a radiological controls technician from Port Orchard, Washington

Bob Harris, a writer originally from Cleveland, Ohio

Matt Mann, an operations manager from Carpinteria, California (whose 1-day cash winnings total $1,401)

Jeopardy! Round responses

FICTIONAL GHOSTS
REAL GHOSTS?
BONES
BOBBING
FOR APPLES
UNIVERSAL MONSTERS
(Alex: And we are indebted to Universal City here in Southern California for all of the clues in this category, and you must take those clues in order, gentlemen, please.)
    $100 1
Daniel Defoe

Bob
    $100 10
Henry VIII

Bob
    $100 4
the eye

Bob
    $100 26
Bob Dole

Mark
    $100 16
to upset the apple cart

Bob
    $100 9
(Mark: Who is Dracula?)
...
(Alex: That was, of course, someone portraying Dracula, but the man who portrayed Dracula in the '20s and '30s was [*].)

Bela Lugosi

Mark
Triple Stumper
    $200 2
Henry James

Bob
    $200 11
Scotland

Matt
    $200 5
water

Bob
    $200 27
Bob Vila

Bob
    $200 17
apple "cida"

Triple Stumper
    $200 15
(Alex: [*] that turned him into the Wolfman, yes.)

a full moon

Matt
    $300 3
the Flying Dutchman

Mark
    $300 12
the French Quarter

Mark
    $300 6
the patella

Bob
    $300 28
[The end-of-round signal sounds.]

Bob Marley

Mark
    $300 18
(Mark: What is Apple Bits?)
(Bob: What are Apple Crisps?)

Apple Jacks

MattBobMark
    $300 23
Mary Shelley

Bob
    $400 20
Woody Allen

Bob
    $400 13
Houdini

Bob
    $400 7
cells

Bob
    $400 19
apple-pie order

Mark
    $400 24
(Alex: Less than a minute to go.)

Paris

Mark
    $500 21
(Alex: "The [*] Ghost".)

Canterville

Triple Stumper
    $500 14
Tennessee

Bob
    $500 8
the sternum

Mark
    $500 22
Newton's Apple

Bob
    $500 25
the Black Lagoon

Matt

Scores at the first commercial break (after clue 14):

Matt Bob Mark
$200 $2,300 $1,000

Scores at the end of the Jeopardy! Round:

Matt Bob Mark
$1,200 $3,500 $1,900

Double Jeopardy! Round responses

ASIA
ALL THAT JAZZ
THE CIVIL WAR
SMALL MIDWESTERN COLLEGES
UNFINISHED BUSINESS
10-LETTER WORDS
    $200 1
Uzbekistan

Mark
    $200 19
(Bob: Who is Duke Ellington?)

Count Basie

MattBob
    $200 6
13

Bob
    $200 11
Notre Dame

Bob
    $200 16
Tower of Babel

Bob
    $200 28
(Alex: And look at this ice cream [banging the square on his lectern]--you can hear it!)
[The end-of-round signal sounds.]

Neapolitan

Bob
    $400 2
Japan

Bob
    $400 22
(Alex: ...we have less than a minute to go, Matt.)

Kansas City

Triple Stumper
    $400 7
Grant

Bob
    $400 12
Ronald Reagan

Mark
    $400 17
James Dean

Mark
    $400 26
(Mark: What is pseudonym?)

biographer

BobMark
    $600 3
a subcontinent

Bob
    $1,000 21
(Matt: Who is Stan Getz?)

John Coltrane

Matt
    $600 8
July 4th

Bob
    $600 13
Oberlin

Bob
    $600 25
the "Unfinished Symphony"

Mark
    $600 27
apothecary

Bob
    $800 4
(Mark: What is the Adriatic Sea?)
...
(Alex: Cape Baba is in Turkey, and it juts into [*].)

the Aegean

Mark
Triple Stumper
    $800 20
Blue Note

Triple Stumper
    $800 9
Andersonville

Bob
    $800 14
Wisconsin

Bob
    $800 24
Charles Dickens

Bob
    $1000 5
Kamchatka

Mark
    $1000 18
(Matt: What is liberato?)

free jazz

MattBob
    $1000 10
(Alex: And some say he did it deliberately!)

Custer

Mark
    $2,000 15
(Bob: Boy, I got no idea. Um, who is, uh, St. Olaf?)

Gustavus Adolphus

Bob
    $1000 23
(Matt: What is The Rime of the Ancient Mariner?)

Kublai Khan

Matt
Triple Stumper

Scores at the end of the Double Jeopardy! Round:

Matt Bob Mark
-$1,600 $9,100 $4,300
(lock game)

[wagering suggestions for these scores]

Final Jeopardy! Round responses

HALLOWEEN
(Alex: How appropriate!)
(Alex: ...and you get to come back in--)
(Bob: Cool.)
(Alex: --three weeks--)
(Bob: Cool!)
(Alex: --because the Teen Tournament starts next week and then we follow that by our Power Players Tournament from Washington, D.C.)
MarkWhat is a goblin?
$4,250
BobWhat is the Great Pumpkin?
$500
the Great Pumpkin (It's the Great Pumpkin, Charlie Brown)

Final scores:

Matt Bob Mark
-$1,600 $9,600 $50
3rd place: his & hers Samsung Evoca 115 Compact Zoom cameras New champion: $9,600 2nd place: Ghost Expeditions trip to Hollywood, California

Game dynamics:

Coryat scores:

Matt Bob Mark
-$600 $11,100 $4,300
5 R,
3 W
(including 1 DD)
29 R
(including 1 DD),
3 W
(including 1 DD)
13 R,
4 W

Combined Coryat: $14,800

The J! Archive is created by fans, for fans. The Jeopardy! game show and all elements thereof, including but not limited to copyright and trademark thereto, are the property of Jeopardy Productions, Inc. and are protected under law. This website is not affiliated with, sponsored by, or operated by Jeopardy Productions, Inc. Join the discussion at JBoard.tv.